Loading...
| Literature - American | 0 | 7 | 0 | 0 | 70 | 58 | 86.43 | 1 | 4 | 0.00 | 0.00 |
| Literature - World/Other | 0 | 7 | 0 | 0 | 70 | 43 | 64.00 | 2 | 7 | 0.00 | 0.00 |
| Literature - European | 0 | 7 | 0 | 0 | 70 | 33 | 60.29 | 3 | 7 | 0.00 | 0.00 |
| Philosophy | 0 | 6 | 0 | 0 | 60 | 77 | 98.00 | 0 | 5 | 0.00 | 0.00 |
| Science - Biology | 0 | 4 | 0 | 0 | 40 | 90 | 98.75 | 0 | 2 | 0.00 | 0.00 |
| Fine Arts - Visual | 0 | 4 | 0 | 0 | 40 | 52 | 78.25 | 1 | 4 | 0.00 | 0.00 |
| Science - Physics | 0 | 4 | 0 | 0 | 40 | 77 | 98.75 | 0 | 2 | 0.00 | 0.00 |
| Mythology | 0 | 4 | 0 | 0 | 40 | 30 | 44.00 | 2 | 4 | 0.00 | 0.00 |
| Science - Chemistry | 0 | 4 | 0 | 2 | 40 | 88 | 106.75 | 0 | 2 | 0.00 | 0.00 |
| Literature - British | 0 | 4 | 1 | 0 | 35 | 38 | 58.00 | 3 | 4 | 0.00 | 0.00 |
| Fine Arts - Other | 0 | 3 | 0 | 0 | 30 | 15 | 78.00 | 1 | 2 | 0.00 | 0.00 |
| Science - Other | 0 | 3 | 1 | 0 | 25 | 64 | 86.00 | 2 | 3 | 0.00 | 0.00 |
| Fine Arts - Classical Music | 0 | 2 | 0 | 0 | 20 | 97 | 100.50 | 0 | 1 | 0.00 | 0.00 |
| Religion | 0 | 1 | 0 | 0 | 10 | 110 | 110.00 | 0 | 1 | 0.00 | 0.00 |
| Social Science | 0 | 1 | 1 | 0 | 5 | 92 | 92.00 | 0 | 1 | 0.00 | 0.00 |
| History - Other | 0 | 0 | 1 | 0 | -5 | 0.00 | 0 | 0 | 0.00 | 0.00 |